000 00216 a2200097 4500
001 48313
100 _aBrierly, J.L
245 _aThe law of nations
260 _aLondon
_bOxford univ press
_c
090 _c31263
_d31263
942 _aNUST-CAE
_cM
_c23629
999 _c283386
_d283386